000 01196nam a2200229Ia 4500
001 L330-23802
003 IT-CnALBA
008 170116s9999||||xx |||||||||||||| ||und||
040 _aIT-CnALBA
_cIT-CnALBA
041 _aITALIANO
100 _aMERLIN GIANNI
245 0 _aCOM'ERANO PAGATI I LAVORATORI DURANTE IL FASCISMO.
250 _a1a ed.
260 _a ROMA.
_bCINQUE LUNE - EDIZIONI
_c1970 [1° Ed.:1970 - Ed.Ling.Originale: 1970]
300 _a150 p.
500 _aSITUAZIONE DELL'INDUSTRIA. POLITICA ECONOMIA E SOCIALE TRA LE DUE GUERRE. SINDACALISMO FASCISTA. CONTRATTAZIONE COLLETTIVA. MAGISTRATURA DEL LAVORO. ORARIO DI LAVORO. DINAMICA SALARIALE. ADEGUAMENTO TRA SALARI E COSTO DELLA VITA. STATISTICHE SALARIALI IN
501 _aSocietà San Paolo EM - Piazza San Paolo, 14 - 12051 ALBA (CN) (non commercial uses only) ® Copyright 2017
520 _aSITUAZIONE DELL'INDUSTRIA. POLITICA ECONOMIA E SOCIALE TRA LE DUE GUERRE. SINDACALISMO FASCISTA. CONTRATTAZIONE COLLETTIVA. MAGISTRATURA DEL LAVORO. ORARIO DI LAVORO. DINAMICA SALARIALE. ADEGUAMENTO TRA SALARI E COSTO DELLA VITA. STATISTICHE SALARIALI IN
650 _aECONOMIA
942 _cBK
957 _71
999 _a28545
_bNO
_g Copie: 1
_c282902
_d282902